LEADER 02810nam0 22004333i 450 001 SUN0071707 005 20200518091819.73 010 $a978-05-8235-692-4$d0.00 010 $a05-8235-692-X 100 $a20091006d2003 |0engc50 ba 101 $aeng 102 $aGB 105 $a|||| ||||| 200 1 $a*Physics of atoms and molecules$fB. H. Brandsen and C. J. Joachain 205 $a2. ed 210 $aHarlow$cPrentice Hall$d2003 215 $aXIX, 1114 p.$cill.$d24 cm. 606 $a81V45$xAtomic physics [MSC 2020]$2MF$3SUNC023266 606 $a81V35$xNuclear physics [MSC 2020]$2MF$3SUNC023270 620 $aGB$dHarlow$3SUNL000090 676 $a523.019$cFisica molecolare, atomica, nucleare$v22 700 1$aBransden$b, Brian H.$3SUNV056641$0724704 701 1$aJoachain$b, Charles J.$3SUNV056642$052419 712 $aPrentice Hall$3SUNV004161$4650 790 1$aBransden, Brian Harold$zBransden, Brian H.$3SUNV070896 790 1$aJoachain, C. J.$zJoachain, Charles J.$3SUNV065049 790 1$aJoachain, C.J.$zJoachain, Charles J.$3SUNV065050 801 $aIT$bSOL$c20200727$gRICA 856 4 $uhttps://books.google.it/books?id=i5IPWXDQlcIC&printsec=frontcover&dq=9780582356924&hl=it&sa=X&ved=0ahUKEwjzr5nlusjkAhXSxIsKHWZvB-0Q6AEIKDAA#v=onepage&q=9780582356924&f=false$zPreview 912 $aSUN0071707 950 $aUFFICIO DI BIBLIOTECA DEL DIPARTIMENTO DI SCIENZE E TECNOLOGIE AMBIENTALI BIOLOGICHE E FARMACEUTICHE$d17PREST Fd11 $e17BIB683 20091030 $sBuono 950 $aUFFICIO DI BIBLIOTECA DEL DIPARTIMENTO DI SCIENZE E TECNOLOGIE AMBIENTALI BIOLOGICHE E FARMACEUTICHE$d17CONS Fd9 $e17BIB705 20091006 $sBuono 950 $aUFFICIO DI BIBLIOTECA DEL DIPARTIMENTO DI SCIENZE E TECNOLOGIE AMBIENTALI BIOLOGICHE E FARMACEUTICHE$d17PREST Fd23 $e17BIB610 20120326 $sBuono 950 $aUFFICIO DI BIBLIOTECA DEL DIPARTIMENTO DI SCIENZE E TECNOLOGIE AMBIENTALI BIOLOGICHE E FARMACEUTICHE$d17PREST Fd24 $e17BIB611 20120326 $sBuono 950 $aUFFICIO DI BIBLIOTECA DEL DIPARTIMENTO DI MATEMATICA E FISICA$d08PREST 81-XX 0536 $e08DMF467 I c 20190925 950 $aUFFICIO DI BIBLIOTECA DEL DIPARTIMENTO DI MATEMATICA E FISICA$d08PREST 81-XX 0536 $e08DMF466 I b 20190925 950 $aUFFICIO DI BIBLIOTECA DEL DIPARTIMENTO DI MATEMATICA E FISICA$d08CONS 81-XX 0536 $e08DMF465 I a 20190925 996 $aPhysics of atoms and molecules$91414789 997 $aUNICAMPANIA LEADER 01663nam 2200445 450 001 9910155497003321 005 20230809233524.0 010 $a0-19-179299-3 010 $a0-19-103889-X 035 $a(CKB)4340000000018139 035 $a(MiAaPQ)EBC4745356 035 $a(StDuBDS)EDZ0001588847 035 $a(EXLCZ)994340000000018139 100 $a20170830h20172017 uy 0 101 0 $aeng 135 $aurcnu|||||||| 181 $2rdacontent 182 $2rdamedia 183 $2rdacarrier 200 04$aThe EACVI textbook of echocardiography /$fedited by professor Patrizio Lancellotti [and three others] 205 $aSecond edition. 210 1$aOxford, England :$cOxford University Press,$d2017. 210 4$dİ2017 215 $a1 online resource (652 pages) $cillustrations (some color) 225 0 $aEuropean Society of Cardiology 300 $aThis edition previously issued in print: 2016. 311 $a0-19-872601-5 320 $aIncludes bibliographical references at the end of each chapters and index. 330 8 $aNow with new imaging tools and more illustrative cases, this extensively updated second edition is a valuable resource to support not only those with an interest in echocardiography but also those seeking the information needed for accreditation and training through the EACVI. 606 $aEchocardiography 615 0$aEchocardiography. 676 $a616.1207543 702 $aLancellotti$b Patrizio 801 0$bMiAaPQ 801 1$bMiAaPQ 801 2$bMiAaPQ 906 $aBOOK 912 $a9910155497003321 996 $aThe EACVI textbook of echocardiography$93419253 997 $aUNINA